Variation in strength properties of wood of ten selected clones of Hevea brasiliensis (Record no. 51863)

MARC details
000 -LEADER
fixed length control field 00556nam a2200193Ia 4500
100 ## - MAIN ENTRY--AUTHOR NAME
Personal name Reghu C.P.
245 #0 - TITLE STATEMENT
Title Variation in strength properties of wood of ten selected clones of Hevea brasiliensis
260 ## - PUBLICATION, DISTRIBUTION, ETC. (IMPRINT)
Name of publisher Journal of Plantation Crops
Year of publication 2010
300 ## - PHYSICAL DESCRIPTION
Number of Pages 10-Jul
650 ## - SUBJECT ADDED ENTRY--TOPICAL TERM
Topical Term Clonal variability
650 ## - SUBJECT ADDED ENTRY--TOPICAL TERM
Topical Term Hevea brasiliensis
650 ## - SUBJECT ADDED ENTRY--TOPICAL TERM
Topical Term Rubber wood
650 ## - SUBJECT ADDED ENTRY--TOPICAL TERM
Topical Term Strength properties
700 ## - ADDED ENTRY--PERSONAL NAME
Personal name Marattukalam J.G.
700 ## - ADDED ENTRY--PERSONAL NAME
Personal name Thomas Jimmy
700 ## - ADDED ENTRY--PERSONAL NAME
Personal name Varghese Y.A.
942 ## - ADDED ENTRY ELEMENTS (KOHA)
Koha item type Bibliography STAF
Holdings
Withdrawn status Lost status Damaged status Not for loan Home library Current library Date acquired Serial Enumeration / chronology Koha item type
      Bibliography RRII Library RRII Library 26/05/2010 Volume 38, Issue 1 Bibliography STAF